000 01154nam a2200301 a 4500
001 000021209
005 20240305125740.0
008 100902s1998 dr 001 e spa d
020 _a9768175036
040 _aDO-SdBNP
_bspa
_cBNPHU
082 _a972.91
_bH552u
100 1 _aHamlet, Hermann,
_d1934-2016
_936649
245 1 0 _aUn ala del pájaro /
_cHamlet Hermann ; prólogo Juan Ducoudray.
260 _aSanto Domingo :
_bAlfa y Omega,
_c1998.
300 _a325 p. ;
_c22 cm.
500 _aIncluye índice onomástico.
500 _aIncluye datos biográficos del autor en la solapa de la cubierta.
650 4 _aDiarios dominicanos
_xSecciones, columnas, etc.
_944
651 4 _aCuba
_xHistoria
_y1933-1959
_xEnsayos, Conferencias, Etc.
_944334
651 4 _aCuba
_xHistoria
_y1959-
_xEnsayos, Conferencias, Etc.
_944335
700 1 _aDucoudray, Juan,
_epról.
_922084
730 0 _aEl Siglo (República Dominicana)
_934450
730 0 _aLa Noticia (República Dominicana)
_923291
730 0 _aEl Sol (República Dominicana)
_944336
730 0 _aHoy (República Dominicana)
_944337
910 _aValidado. Control de calidad EMS
049 _aBNPD
999 _c20710
_d20710